Ekológia (Bratislava) medzinárodný časopis pre ekologické problémy biosféry = International journal for ecological problems of the biosphere

Enregistré dans:
Détails bibliographiques
Format: Publication en série
Langue:anglais
Publié: Bratislava Slovak Academic Press 2002
Sujets:
Tags: Ajouter un tag
Pas de tags, Soyez le premier à ajouter un tag!

MARC

LEADER 00000nas2a22000001 4500
001 0039134
005 20060228103254.5
022 |a 1335-342X 
041 0 |a eng 
044 |a SK 
245 1 0 |a Ekológia (Bratislava)  |b medzinárodný časopis pre ekologické problémy biosféry = International journal for ecological problems of the biosphere 
264 1 |a Bratislava  |b Slovak Academic Press  |c 2002 
773 0 |w eu_un_cat*s120160 
610 2 0 |a ekológia 
610 2 0 |a biosféra 
610 2 0 |a ochrana prostredia životného